000 00814nam a2200241 4500
001 32707
003 AR-RoBPED
005 20260506122539.0
008 260505s1957 ag a|||br|||| 001 1 spa d
040 _aAR-RoBPED
041 _aspa
100 _aGraziano, Edith E.
_930855
245 1 _aNuevo amigo:
_blibro de lectura para tercer grado /
_cEdith E. Graziano y Mauricio I. Crotman; ilustraciones de Delia Barbarin
260 _aBuenos Aires:
_bLibreria del Colegio,
_c1957.
300 _a143 p.
_bil.
650 4 _aARCHIVO INFANTIL
_924464
650 4 _aLIBROS DE TEXTO
_91459
650 4 _aTERCER GRADO
_91463
700 _aCrotman, Mauricio I.
_930856
700 _aBarbarin, Delia
_930857
_eilust.
942 _2udc
_ak. 32707
_cBK
_h372.4
_kIA
_mG 79
_pinv. 42436
945 _amm 05/05/2026 - cd 06/05/2026
999 _c32707
_d32707